Normal view
MARC view
- Verona (Italy)
Entry Geographic Name
001 - CONTROL NUMBER
- control field: 5045
003 - CONTROL NUMBER IDENTIFIER
- control field: NUST
005 - DATE AND TIME OF LATEST TRANSACTION
- control field: 20170927170647.0
008 - FIXED-LENGTH DATA ELEMENTS
- fixed length control field: 170927|| aca||aabn | a|a d
040 ## - CATALOGING SOURCE
- Original cataloging agency: NUST
- Transcribing agency: NUST
151 ## - HEADING--GEOGRAPHIC NAME
- Geographic name: Verona (Italy)
- General subdivision: Drama.
670 ## - SOURCE DATA FOUND
- Source citation: Work cat.: (NUST)0: Shakespeare, William, 1564-1616. 3310, Romeo and Juliet /, 1987.
